00591cam a22002051 4500001001300000003000400013005001700017008004100034010001700075035001900092040003900111042001200150050001900162100002300181245003500204260004200239300003900281500005000320999001500370af 47001775 DLC20260227110810.0810320s1945 fr 000 1 fre c aaf 47001775  a(OCoLC)7242798 aChicago. Univ. LibrarycOCoLCdDLC apremarc00aPQ2613.I78bC72 aGirodet-Eymard, J.10aCroix-du-buisson,brécit ... a[Paris]bÉditions du Pavoisc[1945] a4 p. l., [11]-365 p., 1 l.c19 cm. aAt head of title: ... Un nouvel état civil. c1395d1395